[Event "Sentjur Ipavec Memorial 13th"]
[Site "Sentjur"]
[Date "2012.09.24"]
[Round "7"]
[White "Vidic, Stojan"]
[Black "Milovanovic, Srecko"]
[Result "0-1"]
[WhiteElo "1639"]
[BlackElo "1973"]
[PlyCount "100"]
[EventDate "2012.09.19"]
[EventType "swiss"]
[EventRounds "9"]
[EventCountry "SLO"]
[SourceTitle "EXT 2015"]
[Source "ChessBase"]
[SourceDate "2014.11.20"]
[SourceVersion "1"]
[SourceVersionDate "2014.11.20"]
[SourceQuality "1"]

1. e4 e5 2. Nf3 Nc6 3. Bb5 d6 4. d4 exd4 5. Nxd4 Bd7 6. Nxc6 Bxc6 7. Bxc6+ bxc6 8. 0-0 Nf6 9. Re1 Be7 10. b3 Nd7 11. Bb2 Bf6 12. Bxf6 Qxf6 13. Na3 0-0 14. c4 Rfe8 15. Nc2 Nc5 16. f3 Ne6 17. Nb4 Qg5 18. Nc2 Nf4 19. g3 Ne6 20. Kh1 f5 21. f4 Qf6 22. e5 dxe5 23. Rxe5 Nf8 24. Qe2 Rxe5 25. Qxe5 Qxe5 26. fxe5 Ne6 27. Rd1 Rd8 28. Rxd8+ Nxd8 29. Nd4 g6 30. Kg2 Kf7 31. Kf3 a6 32. a3 c5 33. Nc2 Nc6 34. Kf4 Nd4 35. Na1 h6 36. b4 g5+ 37. Ke3 Ke6 38. bxc5 Kxe5 39. a4 a5 40. h3 h5 41. h4 f4+ 42. gxf4+ gxf4+ 43. Kf2 Ke4 44. c6 f3 45. Kf1 Kd3 46. Kf2 Kc3 47. Ke3 Kb2 48. Kxd4 f2 49. Nb3 Kxb3 50. Kc5 Kxa4 0-1

[Event "Sentjur Ipavec Memorial 9th"]
[Site "Sentjur"]
[Date "2008.11.14"]
[Round "6"]
[White "Potocnik, Albin"]
[Black "Vidic, Stojan"]
[Result "1-0"]
[WhiteElo "2023"]
[BlackElo "1531"]
[PlyCount "74"]
[EventDate "2008.11.07"]
[EventType "swiss"]
[EventRounds "9"]
[EventCountry "SLO"]
[SourceTitle "EXT 2010"]
[Source "ChessBase"]
[SourceDate "2010.11.25"]
[SourceVersion "1"]
[SourceVersionDate "2010.11.25"]
[SourceQuality "1"]

1. e4 e5 2. Nf3 Nc6 3. Bb5 a6 4. Ba4 Nf6 5. 0-0 Be7 6. Re1 b5 7. Bb3 0-0 8. c3 d5 9. exd5 Nxd5 10. Nxe5 Nxe5 11. Rxe5 Nf6 12. d4 Bd6 13. Re1 Bb7 14. Bg5 h6 15. Bh4 Qd7 16. Nd2 Rae8 17. Bxf6 gxf6 18. Qh5 Bf4 19. Nf3 Bxf3 20. Qxf3 Bg5 21. Qh5 Kh8 22. Qf3 Rg8 23. Kh1 Rg7 24. Rxe8+ Qxe8 25. Rd1 Qe7 26. g3 h5 27. Rg1 h4 28. gxh4 Bxh4 29. Rxg7 Kxg7 30. Qg4+ Bg5 31. h4 Qe1+ 32. Kg2 Qd2 33. hxg5 fxg5 34. Qf5 f6 35. Bc2 Qe2 36. Qg6+ Kf8 37. Qxf6+ Ke8 1-0

[Event "Sentjur Ipavec Memorial 9th"]
[Site "Sentjur"]
[Date "2008.11.13"]
[Round "5"]
[White "Vidic, Stojan"]
[Black "Nikl Hutinski, Alenka"]
[Result "1-0"]
[WhiteElo "1531"]
[BlackElo "1850"]
[PlyCount "64"]
[EventDate "2008.11.07"]
[EventType "swiss"]
[EventRounds "9"]
[EventCountry "SLO"]
[SourceTitle "EXT 2010"]
[Source "ChessBase"]
[SourceDate "2010.11.25"]
[SourceVersion "1"]
[SourceVersionDate "2010.11.25"]
[SourceQuality "1"]

1. e4 d5 2. d4 c6 3. exd5 Qxd5 4. Nf3 Nf6 5. Nc3 Qd8 6. Bc4 Bg4 7. Bxf7+ Kxf7 8. Ne5+ Ke8 9. Nxg4 h5 10. Nxf6+ exf6 11. 0-0 Bd6 12. Qd3 Kf7 13. Qc4+ Kg6 14. Re1 Re8 15. Bd2 Nd7 16. Rxe8 Qxe8 17. Re1 Qf7 18. Qd3+ f5 19. Qe3 Bb4 20. Qg5+ Kh7 21. a3 Bf8 22. Ne2 Re8 23. Nf4 Rxe1+ 24. Bxe1 g6 25. Bd2 Be7 26. Qg3 Nf6 27. f3 Nd5 28. Nh3 Kg7 29. c4 h4 30. Qe1 Nc7 31. Ng5 Bxg5 32. Bxg5 Qxc4 1-0

[Event "Sentjur Ipavec Memorial 8th"]
[Site "Sentjur"]
[Date "2007.12.17"]
[Round "8"]
[White "Vidic, Stojan"]
[Black "Pahole, Tjasa"]
[Result "1-0"]
[WhiteElo "1555"]
[BlackElo "1531"]
[PlyCount "49"]
[EventDate "2007.12.08"]
[EventType "swiss"]
[EventRounds "9"]
[EventCountry "SLO"]
[SourceTitle "EXT 2010"]
[Source "ChessBase"]
[SourceDate "2010.11.25"]
[SourceVersion "1"]
[SourceVersionDate "2010.11.25"]
[SourceQuality "1"]

1. e4 e5 2. Nf3 Nc6 3. Bb5 Nf6 4. Nc3 a6 5. Ba4 d5 6. exd5 Nxd5 7. 0-0 Nxc3 8. bxc3 Bg4 9. Bxc6+ bxc6 10. h3 Bh5 11. Qe2 Bd6 12. Qe4 Bxf3 13. Qxf3 c5 14. Re1 0-0 15. d3 Re8 16. Re4 c6 17. Qh5 Qa5 18. Bd2 Rab8 19. Rh4 h6 20. Bxh6 g6 21. Qf3 Qxc3 22. Rf1 Qxc2 23. Qf6 Bf8 24. Bxf8 Kxf8 25. Rh8# 1-0

[Event "Sentjur Ipavec Memorial 8th"]
[Site "Sentjur"]
[Date "2007.12.09"]
[Round "5"]
[White "Vidic, Stojan"]
[Black "Golob, Hubert"]
[Result "0-1"]
[WhiteElo "1555"]
[BlackElo "1708"]
[PlyCount "52"]
[EventDate "2007.12.08"]
[EventType "swiss"]
[EventRounds "9"]
[EventCountry "SLO"]
[SourceTitle "EXT 2010"]
[Source "ChessBase"]
[SourceDate "2010.11.25"]
[SourceVersion "1"]
[SourceVersionDate "2010.11.25"]
[SourceQuality "1"]

1. e4 e5 2. Nf3 Nf6 3. Nxe5 d6 4. Nf3 Nxe4 5. d3 Nf6 6. Nc3 Nc6 7. Be2 Be7 8. b3 d5 9. Bb2 Bf5 10. Nh4 Bg6 11. Nxg6 hxg6 12. a3 Qd7 13. Qd2 0-0-0 14. 0-0-0 Bc5 15. Rdf1 Rde8 16. Nb1 Kb8 17. h3 Re7 18. Bf3 Rhe8 19. g4 Nd4 20. Bxd4 Bxd4 21. c3 Be5 22. Re1 c6 23. Re2 Qc7 24. Rhe1 Bf4 25. Rxe7 Bxd2+ 26. Kxd2 Rxe7 0-1